Cactus y suculentas. Principales géneros y su cultivo.
Tallennettuna:
| Aineistotyyppi: | Tuntematon |
|---|---|
| Julkaistu: |
Ciudad Autónoma de Buenos Aires,
Ediciones Jardín ; Catapulta,
2019.
|
| Painos: | Primera edición. |
| Aiheet: | |
| Tagit: |
Lisää tagi
Ei tageja, Lisää ensimmäinen tagi!
|
MARC
| LEADER | 00000 a2200000 4500 | ||
|---|---|---|---|
| 003 | CL-VaPUC | ||
| 005 | 20250314121200.0 | ||
| 008 | 250310t2019 ||||| |||| 00| 0 eng d | ||
| 999 | |c 445644 |d 445642 | ||
| 020 | |a 978-987-46106-0-7 | ||
| 040 | |c Pontificia Universidad Católica de Valparaíso | ||
| 082 | 7 | |2 22 |a 635.9525 CAC 2019 | |
| 245 | |a Cactus y suculentas. |b Principales géneros y su cultivo. | ||
| 250 | |a Primera edición. | ||
| 260 | |a Ciudad Autónoma de Buenos Aires, |b Ediciones Jardín ; |b Catapulta, |c 2019. | ||
| 300 | |a 176 páginas : |b ilustraciones. | ||
| 583 | |k GC |c 20250310 | ||
| 650 | 0 | |a Cactus |9 896442 |x Cultivo | |
| 650 | 0 | |a Suculentas |9 896443 |x Cultivo | |
| 942 | |2 ddc |c BK | ||
| 952 | |0 0 |1 0 |2 ddc |4 0 |6 635_952500000000000_CAC_2019 |7 0 |8 A |9 600615 |a BIBAGR |b BIBAGR |d 2025-03-05 |e 3 |g 26103.40 |i 5665533 |o 635.9525 CAC 2019 |p 5665533 |r 2025-03-05 |t 1 |v 26103.40 |w 2025-03-05 |y BK |k AGR | ||